000 00855nam a22002417a 4500
005 20250710163708.0
010 _aENG-145919-920
020 _a9789390439706(vol1)
_c1095.00
020 _a9789390439737(vol 2)
_c950.00
035 _aEN-129451-452
037 _bDBAD
082 _aS
_21
100 _aShyam Kumari
_982912
245 _aOur Great War Heroes:
_bSeven Param Vir Chakra Recipients/
_cShyam Kumari
250 _a1
260 _aNew Delhi
_bVij Books India Pvt Ltd
_c2021
270 _a2/19,Ansari Road Delhi-110002
_bNew Delhi
_e110002
_k91-11-43596460
_mcontact@vijpublishing.com
300 _axxxi, 223p.
_c23cm. (Hb)
300 _axxii 166p.
_c23cm. (Hb)
490 _v1,2
500 _aVol 1 True Stories of Seven Flaming Warriors of Indian Army Vol 1 True Stories of Six Flaming Warriors of Indian Army
942 _2ddc
_cEN
_hS
_mSHY
999 _c212330
_d212330